What teenagers are saying about drugs & alcohol / (Record no. 2956)
[ view plain ]
| 000 -LEADER | |
|---|---|
| fixed length control field | 00976cam a2200277 a 4500 |
| 001 - CONTROL NUMBER | |
| control field | 3858351 |
| 003 - CONTROL NUMBER IDENTIFIER | |
| control field | GBCCL |
| 005 - DATE AND TIME OF LATEST TRANSACTION | |
| control field | 20241126110444.0 |
| 008 - FIXED-LENGTH DATA ELEMENTS--GENERAL INFORMATION | |
| fixed length control field | 880301s1988 ilu s 000 0 eng |
| 010 ## - | |
| -- | 88070600 |
| 020 ## - INTERNATIONAL STANDARD BOOK NUMBER | |
| International Standard Book Number | 0842379398 (pbk.) |
| 040 ## - CATALOGING SOURCE | |
| Original cataloging agency | DLC |
| Transcribing agency | DLC |
| Modifying agency | DLC |
| 043 ## - | |
| -- | n-us--- |
| 050 00 - | |
| -- | HV5824.Y68 |
| -- | L88 1988 |
| 082 00 - DEWEY DECIMAL CLASSIFICATION NUMBER | |
| Classification number | 362.2911 |
| -- | 362.29110835 |
| Edition information | 20 |
| Item number | LUT |
| 100 1# - MAIN ENTRY--PERSONAL NAME | |
| Personal name | Lutes, Chris. |
| 9 (RLIN) | 6166 |
| 245 10 - TITLE STATEMENT | |
| Title | What teenagers are saying about drugs & alcohol / |
| Statement of responsibility, etc. | Chris Lutes. |
| 260 ## - PUBLICATION, DISTRIBUTION, ETC. | |
| Place of publication, distribution, etc. | Wheaton, Ill. : |
| Name of publisher, distributor, etc. | CampusLife Books : |
| -- | Tyndale House Publishers, |
| Date of publication, distribution, etc. | [1988], c1987. |
| 300 ## - PHYSICAL DESCRIPTION | |
| Extent | 215 p. ; |
| Dimensions | 21 cm. |
| 650 #0 - SUBJECT ADDED ENTRY--TOPICAL TERM | |
| Topical term or geographic name entry element | Teenagers |
| General subdivision | Drug use |
| Geographic subdivision | United States. |
| 9 (RLIN) | 6167 |
| 650 #0 - SUBJECT ADDED ENTRY--TOPICAL TERM | |
| Topical term or geographic name entry element | Teenagers |
| General subdivision | Alcohol use |
| Geographic subdivision | United States. |
| 9 (RLIN) | 6168 |
| 650 #0 - SUBJECT ADDED ENTRY--TOPICAL TERM | |
| Topical term or geographic name entry element | Teenagers |
| Geographic subdivision | United States |
| General subdivision | Attitudes. |
| 9 (RLIN) | 6169 |
| 906 ## - LOCAL DATA ELEMENT F, LDF (RLIN) | |
| a | 7 |
| b | cbc |
| c | orignew |
| d | 2 |
| e | opcn |
| f | 19 |
| g | y-gencatlg |
| 942 ## - ADDED ENTRY ELEMENTS (KOHA) | |
| Source of classification or shelving scheme | Dewey Decimal Classification |
| Koha item type | Books |
| Koha issues (borrowed), all copies | 7 |
| Withdrawn status | Lost status | Source of classification or shelving scheme | Damaged status | Not for loan | Home library | Current Library | Shelving location | Date acquired | Total checkouts | Full call number | Barcode | Date last seen | Date last checked out | Copy number | Price effective from | Koha item type |
|---|---|---|---|---|---|---|---|---|---|---|---|---|---|---|---|---|
| Dewey Decimal Classification | Damaged | GRACE BIBLE COLLEGE | GRACE BIBLE COLLEGE | General Studies | 2017-10-10 | 7 | 362.2911 LUT | 002440 | 2025-05-27 | 2024-03-04 | c.1 | 2017-10-10 | Books |